000 00577nam a2200181Ia 4500
008 100920s9999 xx 000 0 und d
082 _b73448
_a--- थ 95
100 _aखान राजन.
245 _aहयात आणि मजार.
260 _bसाहेबजी प्रकाशन, पुणे.
_c1995
300 _a199
_bसाधी
365 _b100
520 _aकादंबरी.
630 _aहयात आणि मजार.
650 _aकादंबरी.
730 _aहयात आणि मजार.
942 _cBOOK
999 _c715114
_d715111